000 00817cam a22002654a 4500
003 OSt
005 20230623105950.0
008 101229s2011 enk 000 0 eng
020 _a9780415832311
040 _cNIRUC
050 0 0 _aUA 853
_b.I8D76
100 1 _aDror, Yehezkel
245 1 0 _aIsraeli statecraft :
_bnational security challenges and responses /
_cYehezkel Dror
260 _aNew York
_bRoutledge
_c2011
300 _ax, 246 p.
_c24 cm.
650 0 _aNational security
_zIsrael
650 0 _aPolitical culture
_zIsrael
650 7 _aHistory / Middle East / General
650 7 _aHistory / Military / Strategy
651 0 _aIsrael
_xStrategic aspects
651 0 _aIsrael
_xMilitary policy
651 0 _aIsrael
_xForeign relations
651 0 _aIsrael
_xPolitics and government
942 _2lcc
_cBK
_n0
999 _c201
_d201